Giganci Technologii #1 - Google - Statystyki

Ogólne statystyki
  • Ten quiz został rozwiązany 1 222 razy
  • Średni wynik to 6 z 17
Statystyki odpowiedzi
Wskazówka Odpowiedź % Poprawnych
Przeglądarka internetowa Google Chrome
95%
Aplikacja pocztowa Google Gmail
94%
Mobilny system operacyjny Google Android
76%
Główne państwo, które zablokowało dostęp do google.com od 2010 r. Chiny
52%
Flagowy smartfon Google'a Pixel
52%
Witryna należąca do Google, która ma więcej odwiedzin niż jakakolwiek inna witryna poza samym Google YouTube
50%
Liczba zer w googolu (liczba) 100
49%
Firma, z którą Google próbowało (lecz nie udało się) konkurować, uruchamiając Google+ Facebook
40%
Działalność, z której Google czerpie zdecydowaną większość swoich przychodów Reklamy
28%
Czego Google kiedyś unikało za pomocą legalnego, ale wątpliwego porozumienia „Double Irish” Podatków
22%
Spółka holdingowa będąca właścicielem Google i jego „innych zakładów Alphabet
17%
Współzałożyciele Google Larry Page / Sergey Brin
14%
Uniwersytet, na którym powstało Google Stanford
13%
Konkurent Google, Chat AI, który miał katastrofalny debiut w 2023 r. Bard
6%
Dawne nieoficjalne motto Google’a (po angielsku) Don't be {evil}
6%
Produkt wyprodukowany przez spółkę zależną Google'a Waymo Samochód autonomiczny
5%
Firma produkująca „inteligentne” termostaty, którą Google przejął w 2014 r. Nest
4%
Nie znaleziono quizów pasujących do podanych kryteriów
Rozkład punktacji
Procent ludzi z każdym wynikiem
Percentyl według liczby udzielonych odpowiedzi
Twoja historia wyników
Nie rozwiązałeś tego quizu